000 00205 a2200097 4500
001 58596
082 _a297.1227KAS
090 _c35951
_d35951
100 _aAbn-e-Qutab
245 _atafseer bayanul quran
942 _aNUST-CAE
_k297.1227KAS
999 _c293669
_d293669